Statistiques concernant Les crustacés et les céphalopodes

Cliquez ici pour prendre le quiz!

Statistiques générales

  • Ce quiz a été pris 67 fois
  • Le résultat moyen est 7 sur 11

Statistiques - réponses

Réponse% Correct
Homard
95%
Poulpe
90%
Langouste
87%
Araignée
81%
Tourteau
74%
Langoustine
73%
Seiche
58%
Crevette rose
47%
Crevette grise
45%
Encornet
27%
Pouce-pied
15%

Distribution des résultats

Percentile par nombre de réponses

% des personnes avec chaque résultat

Votre développement - résultats

Vous n’avez pas pris ce quiz